Proyecto Plan de Estudios Ingeniería Civil Informática

Gardado en:
Detalles Bibliográficos
Autor Corporativo: Universidad Católica de Valparaíso (Author)
Formato: Libro
Idioma:Lingua castelá
Publicado: Valparaíso Universidad Católica de Valparaíso 2000
Subjects:
Tags: Engadir etiqueta
Sen Etiquetas, Sexa o primeiro en etiquetar este rexistro!

MARC

LEADER 00000cam a2200000 a 4500
001 UCF7228
003 CL-VaPUC
008 130613e20000000CL |||||||||||||||||spa|d
082 0 4 |a 378.199  |b UNI  |2 21 
110 2 |a Universidad Católica de Valparaíso  |e author  |9 569239 
245 1 0 |a Proyecto Plan de Estudios Ingeniería Civil Informática 
300 |a pág. irreg 
942 |c BK 
945 |d 20130613 00:00:00  |a dcastane 
260 |a Valparaíso  |b Universidad Católica de Valparaíso  |c 2000 
650 0 |a Universidades  |9 256317 
650 0 |a Universidades chilenas  |9 407335 
650 0 |a Educación superior   |9 223851 
650 0 |a Curriculos  |9 343652 
583 |a last modification  |c 20160929 09:28:26  |k Rodrigo Vera 
999 |c 352133  |d 352131 
952 |0 0  |1 0  |4 0  |6 378_199000000000000_UNI_2000  |7 0  |8 X  |9 456684  |a FDOBUD  |b FDOBUD  |d 2019-11-22  |i 4977386  |o 378.199 UNI 2000  |p 4977386  |r 2019-11-22  |w 2019-11-22  |y BK_X  |k FHP